| 000 | 04076cam a2200457 a 4500 | ||
|---|---|---|---|
| 001 | 54459 | ||
| 005 | 20230410103917.0 | ||
| 008 | 980318s1998 nyua b 001 0 eng | ||
| 010 | _a 98015575 | ||
| 035 | _a(OCoLC)ocm38765078 | ||
| 040 |
_aDLC _cDLC _dXIM _dFIT _dXY4 _dBAKER _dBTCTA _dYDXCP |
||
| 020 | _a0385491182 (pbk.) | ||
| 020 | _a9780385491181 (pbk.) | ||
| 029 | 1 |
_aYDXCP _b1510665 |
|
| 029 | 1 |
_aNZ1 _b3171814 |
|
| 035 | _a(OCoLC)38765078 | ||
| 043 |
_aa-vt--- _an-us--- |
||
| 050 | 1 | 4 |
_a438 DS 557.7 _bV666 1998 |
| 082 | 0 | 0 |
_a959.704/3 _221 |
| 049 | _aGRAL | ||
| 245 | 0 | 4 |
_aThe Vietnam reader : _bthe definitive collection of American fiction and nonfiction on the war / _cedited by Stewart O'Nan. |
| 260 |
_aNew York : _bAnchor Books, _cc1998. |
||
| 300 |
_ax, 724 p. : _bill. ; _c21 cm. |
||
| 504 | _aIncludes bibliographical references (p. 697-699) and index. | ||
| 505 | 0 | _a1. Green -- Green berets / Robin Moore -- If I die in a combat zone ; Going after Cacciato / Tim O'Brien -- 2. Early work -- One very hot day / David Halberstam -- If I die in a combat zone -- Obscenities / Michael Casey -- Sticks and bones / David Rabe -- From demilitarized zones / Jan Barry and W D Ehrhart edts -- 3. First wave of major work -- Born on the Fourth of July / Ron Kovic -- Fields of fire / James Webb -- Rumor of war / Philip Caputo -- Dispatches / Michael Herr -- Going after Cacciato -- 4. First wave of major films -- Deer hunter ; Coming home ; Apocalypse now -- 5. Songs -- "Ballad of the green berets" / Barry Sadler and Robin Moore -- "I-feel-like-I'm-fixin'-to die-rag" / Country Joe McDonald -- "Fortunate son" / Creedence clear water revival, John Fogerty -- "The unknown soldier" / The Doors, Jim Morrison -- "What's going on" / Marvin Gaye -- "War" / Edwin Starr -- "Born in the USA" Bruce Springsteen -- "The big parade" / 10,000 Maniacs, Natalie Merchant -- 6. Oral history boom -- Nam / Mark Baker -- Bloods / Wallace Terry -- Piece of my heart / Keith Walker -- From Dear America: letters home from Vietnam / Bernard Edelman edt -- Everything we had / Al Santoli -- 7. Second wave of major work -- 13th Valley / John M Del Vecchio -- Meditations in green / Stephen Wright -- Paco's story / Larry Heinemann -- 8. Second wave of major films -- Platoon ; Full metal jacket -- 9. Memoirs -- 365 days / Ronald J Glasser -- Killing zone / Fredrick Downs -- Chickenhawk / Robert Mason -- Only war we had / Michael Lee Lanning -- 10. Masterwork -- Things they carried / Tim O'Brien -- 11. Homecoming -- Paco's story -- Love medicine / Louise Erdrich -- From carrying the darkness / W D Ehrhart edt -- A romance ; Monkey wars ; What saves us / Bruce Weigl -- Things they carried -- 12. Memory -- Dien Cai Dau / Yusef Komunyakaa -- In country / Bobbie Ann Mason -- Incoming / Kevin Bowen -- In the lake of the woods / Tim O'Brien -- Mr. Giai's poem / John Balaban -- 13. The wall -- Invasion of Grenada / W D Ehrhart -- Names of the dead / Stewart O'Nan -- Dien Cai Dau. | |
| 520 | _aAn anthology of Vietnam War writing, mostly by well-known authors. The fiction includes excerpts from novels, poems and songs, plus summaries of films, while non-fiction is represented by excerpts from books such as Robert Mason's Chickenhawk, the experiences of a helicopter pilot. | ||
| 650 | 0 | _aVietnam War, 1961-1975. | |
| 650 | 0 |
_aVietnam War, 1961-1975 _xPersonal narratives, American. |
|
| 650 | 0 |
_aVietnam War, 1961-1975 _xLiterature and the war. |
|
| 650 | 0 |
_aVietnam War, 1961-1975 _xMotion pictures and the war. |
|
| 650 | 0 |
_aAmerican literature _y20th century. |
|
| 700 | 1 |
_aO'Nan, Stewart, _d1961- |
|
| 856 | 4 | 2 |
_3Publisher description _uhttp://www.loc.gov/catdir/description/random044/98015575.html |
| 938 |
_aBaker and Taylor _bBTCP _n98015575 |
||
| 938 |
_aYBP Library Services _bYANK _n1510665 |
||
| 938 |
_aBaker & Taylor _bBKTY _c17.95 _d13.46 _i0385491182 _n0003146425 _sactive |
||
| 856 | 4 | 2 |
_3Más?... busque en WorldCat (solo desde FUNGLODE) _uwww.firstsearch.oclc.org/fsip |
| 942 |
_2lcc _cbk |
||
| 946 | _amfcruz | ||
| 994 |
_aC0 _bDRFGD |
||
| 999 |
_c28249 _d28249 |
||